000 00636nam a22002177a 4500
003 LK-CoDNM
005 20241105150355.0
008 241015b |||||||| |||| 00| 0 eng d
040 _aLK-CoDNM
_dLK-CoDNM
_eLK-CoDNM
041 _asin
080 _aප්‍ර.ස
_b123
245 _aසිරිවස-1930
_b1 කාණ්ඩය 2 කලාපය
260 _c1930
_aබලපිටිය
300 _b24p. ; 24 cm
650 _aසිරිවස-1930
650 _a1 කාණ්ඩය 2 කලාපය
650 _aමාසික සගරාව
650 _aප්‍ර.ස 123
650 _a1930
942 _cBK
999 _c227133
_d227133